[Event "CSR-ch"]
[Site "Luhacovice"]
[Date "1971.??.??"]
[Round "9"]
[White "Lechtynsky, Jiri"]
[Black "Smejkal, Jan"]
[Result "0-1"]
[WhiteElo "2360"]
[BlackElo "2515"]

1.e4 c5 2.c3 Nf6 3.e5 Nd5 4.d4 cxd4 5.Qxd4 e6 6.Nf3 Nc6 7.Qe4 d6 8.Nbd2 dxe5
9.Nxe5 Nxe5 10.Qxe5 Qd6 11.Bb5+ Bd7 12.Qxd6 Bxd6 13.Ne4 Be7 14.Bxd7+ Kxd7
15.c4 Nb4 16.Ke2 e5 17.Be3 Rhc8 18.b3 f5 19.Nc3 Ke6 20.f3 a6 21.Rhc1 Bc5
22.Na4 Bxe3 23.Kxe3 Rc7 24.a3 Nc6 25.Rab1 Ne7 26.Nb6 Rd8 27.Rd1 Rxd1 28.Rxd1 Rc6
29.Nd5 f4+ 30.Ke4 Nf5 31.Nb4 Rd6 32.Nd5 Rc6 33.Nb4 Nd6+ 34.Kd3 Rc8 35.Kc3 a5
36.Nd3 Nf5 37.Re1 Ne3 38.a4 g5 39.Re2 h5 40.Ne1 g4 41.g3 Kf5 42.Rd2 Rg8 43.gxf4 exf4
44.Rd7 g3 45.hxg3 fxg3 46.Rxb7 h4 47.Rh7 g2 48.Nxg2 Nxg2 49.Ra7 Kf4 50.Rxa5 h3
51.Rh5 Kg3 52.a5 Nh4 53.Rd5 h2 54.Rd1 Nxf3 55.Rh1 Kf4 56.Kb4 Rg1 57.Rxh2 Nxh2
58.a6 Nf3  0-1

[Event "WchT U26"]
[Site "Graz"]
[Date "1972.??.??"]
[Round "2"]
[White "Clara, Hans Joachim"]
[Black "Urzica, Aurel"]
[Result "0-1"]
[WhiteElo "2200"]
[BlackElo "2260"]

1.e4 c5 2.c3 Nf6 3.e5 Nd5 4.d4 cxd4 5.cxd4 d6 6.Nf3 Nc6 7.exd6 Qxd6 8.Nc3 e6
9.Bd3 Be7 10.O-O O-O 11.a3 Nf6 12.Be3 b6 13.Qe2 Bb7 14.Rad1 Rac8 15.Bb1 g6
16.Bh6 Rfd8 17.h3 a6 18.Rfe1 b5 19.Qe3 Na5 20.Ne5 Nc4 21.Nxc4 Rxc4 22.Ne2 Qc6
23.f3 Qb6 24.Bd3 Rcc8 25.Kh1 Nd5 26.Qe5 Bf6 27.Qg3 Bh8 28.Be4 b4 29.h4 Nf6
30.Bxb7 Qxb7 31.Nf4 Nd5 32.Bg5 Re8 33.Nxd5 Qxd5 34.axb4 Rc4 35.Ra1 Qxd4 36.Rxa6 Rxb4
37.Qc7 Qf2 38.Rb1 Rxb2 39.Rxb2 Qe1+ 40.Kh2 Be5+ 41.Bf4 Qxh4+ 42.Kg1 Bxc7
43.Bxc7 Qc4  0-1

[Event "WchT U26"]
[Site "Graz"]
[Date "1972.??.??"]
[Round "9"]
[White "Dobrovolsky, Ladislav"]
[Black "Karlsson, Peter"]
[Result "1-0"]
[WhiteElo "2200"]
[BlackElo "2200"]

1.e4 c5 2.c3 Nf6 3.e5 Nd5 4.d4 cxd4 5.cxd4 d6 6.Bc4 Nb6 7.Bb3 dxe5 8.Qh5 e6
9.dxe5 Nc6 10.Nf3 Bb4+ 11.Nc3 Bxc3+ 12.bxc3 Qd3 13.Bd2 Qg6 14.Qxg6 hxg6 15.O-O-O O-O
16.h4 Bd7 17.h5 gxh5 18.Rxh5 Rac8 19.Rdh1 f6 20.exf6 Rxf6 21.Ng5 Kf8 22.Nh7+ Ke7
23.Nxf6 gxf6 24.Rh7+ Kd6 25.Bf4+ e5 26.Rd1+ Kc7 27.Be3 Nd4 28.cxd4 Kd6+ 29.Kb2  1-0

[Event "Las Palmas"]
[Site "Las Palmas"]
[Date "1972.??.??"]
[Round "1"]
[White "Menvielle Lacourrelle, Augusto"]
[Black "Gheorghiu, Florin"]
[Result "0-1"]
[WhiteElo "2365"]
[BlackElo "2520"]

1.e4 c5 2.c3 Nf6 3.e5 Nd5 4.d4 cxd4 5.cxd4 d6 6.Nf3 Nc6 7.Nc3 dxe5 8.dxe5 Ndb4
9.a3 Qxd1+ 10.Kxd1 Na6 11.b4 Nc7 12.h3 Be6 13.Bd3 g6 14.Bb2 Bg7 15.Ne4 Bd5
16.b5 Nxb5 17.Nf6+ Bxf6 18.exf6 Bxf3+ 19.gxf3 O-O-O 20.fxe7 Rxd3+ 21.Ke2 Rd4
22.a4 Nd6 23.Rac1 Nf5 24.Rhd1 Kd7 25.Rxc6 Kxc6 26.Bxd4 Nxd4+ 27.Rxd4 Re8
28.Re4 Kd6 29.Kd3 Rxe7 30.Rh4 h5 31.Rd4+ Kc6 32.Rc4+ Kb6 33.f4 f5 34.Rd4 Ka5
35.Rd6 Rg7 36.Rd4 Rc7 37.Kd2 Rc6 38.h4 Re6 39.Rd7 Rb6  0-1

[Event "URS-chT Moscow"]
[Site "Moscow"]
[Date "1972.??.??"]
[Round "?"]
[White "Rozhlapa, V."]
[Black "Kozlovskaya, Valentina"]
[Result "1/2-1/2"]
[WhiteElo "2000"]
[BlackElo "2305"]

1.e4 c5 2.c3 Nf6 3.e5 Nd5 4.d4 e6 5.c4 Nb6 6.d5 d6 7.exd6 Bxd6 8.Nc3 O-O
9.Nf3 exd5 10.cxd5 Bg4 11.Be2 Re8 12.O-O a6 13.Qc2 Bxf3 14.Bxf3 N8d7 15.g3 Nf6
16.Bg5 h6 17.Bxf6 Qxf6 18.Bg2 Qd8 19.Rfe1 Qc7 20.Re2 Rxe2 21.Qxe2 Rd8 22.Re1 Nd7
23.a4 Nf6 24.Qc4 Re8 25.Rxe8+ Nxe8 26.Ne4 Kf8 27.b3 Qa5 28.Bf1 Qc7 29.Qd3 Qe7
30.Qf3  1/2-1/2

[Event "Skopje ol (Men) prel"]
[Site "Skopje"]
[Date "1972.??.??"]
[Round "1"]
[White "Markland, Peter R"]
[Black "Matulovic, Milan"]
[Result "1/2-1/2"]
[WhiteElo "2420"]
[BlackElo "2525"]

1.e4 c5 2.c3 Nf6 3.e5 Nd5 4.d4 cxd4 5.cxd4 d6 6.Nf3 Nc6 7.Nc3 dxe5 8.dxe5 Nxc3
9.Qxd8+ Kxd8 10.bxc3 h6 11.Bf4 e6 12.Nd2 g5 13.Bg3 Bg7 14.Nc4 Ke7 15.Be2 Bd7
16.a4 b6 17.O-O Rac8 18.Rad1 Na5 19.Nxa5 bxa5 20.f4 Rhd8 21.fxg5 hxg5  1/2-1/2

[Event "Skopje ol (Men) fin-C"]
[Site "Skopje"]
[Date "1972.??.??"]
[Round "3"]
[White "Bonner, Gerald"]
[Black "Fuller, Maxwell L"]
[Result "1/2-1/2"]
[WhiteElo "2240"]
[BlackElo "2280"]

1.e4 c5 2.c3 Nf6 3.e5 Nd5 4.Nf3 Nc6 5.Na3 e6 6.g3 Rb8 7.Bg2 b5 8.Nc2 Be7
9.O-O O-O 10.d4 cxd4 11.cxd4 Bb7 12.Nfe1 Ncb4 13.f4 f5 14.a3 Nxc2 15.Nxc2 d6
16.Qe2 dxe5 17.Qxe5 Qb6 18.Re1 Rbc8 19.Nb4 Nxb4 20.axb4 Bxg2 21.Kxg2 Rc2+
22.Kg1 Bf6 23.Qxe6+ Qxe6 24.Rxe6 Bxd4+ 25.Be3 Kf7 26.Raa6 Re2 27.Bxd4 Rxe6
28.Rxa7+ Kg6 29.Rxg7+ Kh6 30.Rb7 Rd8 31.Be5 Rd2 32.Rxb5 Kh5 33.h3 Rg6 34.g4+ Kh4
35.Bc3 Rc2 36.Rxf5 Kxh3 37.g5 Rd6 38.Re5 Kg4 39.Re1 Rd3 40.b5 Rg3+ 41.Kf1 Rf3+
42.Kg1 Kh3 43.Bd4 Rg2+ 44.Kh1 Rfg3 45.Bg1 Rxb2 46.b6 Rd3 47.Bc5 Rg3 48.Bg1 Rd3
49.Bc5 Kg4 50.Rf1 Rh3+ 51.Kg1 Rg3+ 52.Kh1 Rgb3 53.Kg1 Rb1 54.b7 Rxb7 55.Bd6 R1b5
56.Kg2 Rd7 57.Be5 Rd3 58.Rf2 Ra5 59.Kh2 Rh3+ 60.Kg2 Rc5 61.Bd6 Rd5 62.Be5 Rb3
63.Kh2 Kf5 64.Rg2 Rb6 65.Kh3 Rd1 66.Kh2 Rbb1 67.Kg3 Rh1 68.Rf2 Rb3+ 69.Rf3 Rg1+
70.Kf2 Rbb1 71.Rh3 Rgc1 72.Rxh7 Rb3 73.Rc7 Rh1  1/2-1/2

[Event "Skopje ol (Men) prel"]
[Site "Skopje"]
[Date "1972.??.??"]
[Round "4"]
[White "Cuartas, Carlos"]
[Black "Berrios Pagan, Angel"]
[Result "1-0"]
[WhiteElo "2330"]
[BlackElo "2250"]

1.e4 c5 2.c3 Nf6 3.e5 Nd5 4.d4 cxd4 5.Qxd4 Nb6 6.Nf3 Nc6 7.Qe4 d5 8.Qf4 e6
9.Bd3 Qc7 10.Be3 f6 11.Bd4 Nc4 12.Bxc4 dxc4 13.O-O Nxd4 14.cxd4 Be7 15.Nc3 O-O
16.Qe3 Bd7 17.Rad1 Bc6 18.exf6 Rxf6 19.Ne5 Bd5 20.f4 Raf8 21.Ne4 Bxe4 22.Qxe4 Bd6
23.g3 b5 24.Rf2 Qc8 25.Re2 Re8 26.Ng4 Rff8 27.Kg2 a6 28.Rf1 Bb8 29.Rf3 Ba7
30.Rfe3 Qa8 31.Rd2 Rd8 32.Qxa8 Rxa8 33.Rxe6 Rad8 34.d5 Rfe8 35.Rxa6 Be3 36.Rd1 b4
37.Rc6 Ba7 38.Ne5 Bb8 39.Nxc4 Re2+ 40.Kf3 Rxh2 41.d6 Rh6 42.Rb6 Kf8 43.Rxb4 Bxd6
44.Rb6  1-0

[Event "Skopje ol (Men) fin-C"]
[Site "Skopje"]
[Date "1972.??.??"]
[Round "14"]
[White "McGrillen, Hugh"]
[Black "Bonner, Gerald"]
[Result "0-1"]
[WhiteElo "2200"]
[BlackElo "2240"]

1.e4 c5 2.c3 Nf6 3.e5 Nd5 4.Nf3 d6 5.d4 Nc6 6.Bb5 Qb6 7.c4 Nc7 8.exd6 Nxb5
9.cxb5 Nxd4 10.Nxd4 cxd4 11.O-O Qxd6 12.Na3 Be6 13.Qa4 g6 14.Rd1 Bg7 15.Be3 O-O
16.Bxd4 Qf4 17.b3 Rfd8 18.Bxg7 Qxa4 19.bxa4 Kxg7 20.h3 Kf6 21.Rxd8 Rxd8 22.Nc2 a5
23.bxa6 bxa6 24.Nb4 a5 25.Nc6 Rd5 26.Rc1 Bd7 27.Rc4 Bxc6 28.Rxc6+ e6 29.Ra6 h5
30.Ra7 e5 31.Kf1 Ke6 32.Ke2 f6 33.Ke3 Kf5 34.Ra6 g5 35.Ke2 Rc5 36.Kd3 Rd5+
37.Ke2 h4 38.Ke3 Rc5 39.Kd3 Rd5+ 40.Ke2 e4 41.Ke3 Rd3+ 42.Ke2 Ra3 43.Rxa5+ Kf4
44.Ra6 Rxa2+ 45.Ke1 f5 46.a5 e3 47.fxe3+ Kg3 48.Rg6 g4 49.e4 Ra1+ 50.Ke2 Kxg2
51.exf5 Kxh3 52.a6 g3 53.f6 Rxa6 54.f7 Ra2+ 55.Kf1 Rf2+ 56.Kg1 Rxf7 57.Ra6 Rb7
58.Ra1 Rb4  0-1

[Event "Stary Smokovec"]
[Site "Stary Smokovec"]
[Date "1972.??.??"]
[Round "9"]
[White "Cibulka, Vladimir"]
[Black "Kostro, Jerzy"]
[Result "1/2-1/2"]
[WhiteElo "2200"]
[BlackElo "2385"]

1.e4 c5 2.c3 Nf6 3.e5 Nd5 4.d4 cxd4 5.Qxd4 e6 6.Nf3 Nc6 7.Qe4 d6 8.Nbd2 dxe5
9.Nxe5 Nxe5 10.Qxe5 Qd6 11.Nc4 Qxe5+ 12.Nxe5 Bd6 13.Nc4 Bc7 14.Ne3 Nxe3 15.Bb5+ Bd7
16.Bxd7+ Kxd7 17.Bxe3  1/2-1/2

[Event "Stary Smokovec"]
[Site "Stary Smokovec"]
[Date "1972.??.??"]
[Round "11"]
[White "Cibulka, Vladimir"]
[Black "Szabo, Janos"]
[Result "1/2-1/2"]
[WhiteElo "2200"]
[BlackElo "2450"]

1.e4 c5 2.c3 Nf6 3.e5 Nd5 4.d4 cxd4 5.Qxd4 e6 6.Nf3 Nc6 7.Qe4 d6 8.Nbd2 dxe5
9.Nxe5 Nxe5 10.Qxe5 a6 11.Be2 Nf6 12.Ne4 Be7 13.O-O Nxe4 14.Qxe4 O-O 15.Bf4 Qb6
16.b4 Bd7 17.a3 Bc6 18.Qc2 Bf6 19.Rad1 Rfc8 20.c4 Qa7 21.Qb3 b6 22.Rd6 Qb7
23.f3 Be7 24.Rd2 a5 25.Bd6 axb4 26.Bxe7 Qxe7 27.axb4 Ra4 28.Rb1 Rca8 29.Qc3  1/2-1/2

[Event "CAN-ch"]
[Site "Toronto"]
[Date "1972.??.??"]
[Round "9"]
[White "Allan, Denis"]
[Black "Berry, Jonathan"]
[Result "1-0"]
[WhiteElo "2355"]
[BlackElo "2240"]

1.e4 c5 2.c3 Nf6 3.d3 Nc6 4.Nf3 g6 5.g3 Bg7 6.Bg2 O-O 7.O-O d6 8.Re1 Bd7
9.Na3 Rb8 10.d4 cxd4 11.cxd4 b5 12.d5 Na5 13.Nc2 Qb6 14.h3 Rfc8 15.e5 dxe5
16.Nxe5 Be8 17.Nb4 Rd8 18.Qf3 e6 19.dxe6 Qxe6 20.Bf4 Qb6 21.Ng4 Nxg4 22.hxg4 Rb7
23.Nd5 Qa6 24.Nc7 Rxc7 25.Bxc7 Bc6 26.Qa3 Bxg2 27.Bxd8 Qc6 28.Qe7 Nc4 29.Qe8+ Bf8
30.Qxc6 Bxc6 31.Rac1 Bb7 32.Rc2 a6 33.Bf6 h6 34.Rxc4 bxc4 35.Re8 Bf3 36.Rc8 Bb7
37.Rb8  1-0

[Event "Hoogovens-B"]
[Site "Wijk aan Zee"]
[Date "1972.??.??"]
[Round "?"]
[White "Cortlever, Nicolaas"]
[Black "Schmidt, Wlodzimierz"]
[Result "1-0"]
[WhiteElo "2405"]
[BlackElo "2450"]

1.e4 c5 2.c3 Nf6 3.e5 Nd5 4.d4 cxd4 5.Qxd4 e6 6.Bc4 Nc6 7.Qe4 d6 8.exd6 Nf6
9.Qe2 Bxd6 10.Bg5 a6 11.a4 Ne5 12.Nd2 Nxc4 13.Nxc4 Be7 14.Nf3 b6 15.O-O Qc7
16.Nfe5 Bb7 17.Bf4 Bd5 18.Ne3 Qb7 19.Nxd5 Nxd5 20.Qf3 Qc8 21.Bh6 O-O 22.Qg3 Bf6
23.Ng4 Be7 24.Ne5 Bf6 25.Ng4 Be7 26.Ne3 Bf6 27.Nxd5 exd5 28.Rfd1 Qf5 29.Rd2 b5
30.h3 b4 31.cxb4 Rfb8 32.b5 axb5 33.Bf4 Rc8 34.a5 Ra6 35.Rad1 Rxa5 36.Rxd5 Qe4
37.Be5 Qg6 38.Bxf6 Qxf6 39.Qc3 Raa8 40.Qxf6 gxf6 41.Rxb5 Rc2 42.Rb7 Re8 43.b4 Ree2
44.Rd8+ Kg7 45.Rdd7 Rxf2 46.Rxf7+ Kg6 47.Rg7+ Kf5 48.Rg4 h5 49.Rb5+ Ke6 50.Rxh5 f5
51.Rg6+ Kf7 52.Rg3 Kf6 53.Rh6+ Kf7 54.Rh7+ Kf6 55.Rh6+ Kf7 56.Rgg6 f4 57.Rf6+ Ke7
58.Re6+ Kf7 59.Rhf6+ Kg7 60.Rg6+ Kf7 61.Ref6+ Ke7 62.Rf5 Rb2 63.Rg4  1-0

[Event "Hoogovens-B"]
[Site "Wijk aan Zee"]
[Date "1972.??.??"]
[Round "?"]
[White "Cortlever, Nicolaas"]
[Black "Garcia Martinez, Silvino"]
[Result "1-0"]
[WhiteElo "2405"]
[BlackElo "2335"]

1.e4 c5 2.c3 Nf6 3.e5 Nd5 4.d4 cxd4 5.Qxd4 e6 6.Bc4 Nc6 7.Qe4 d6 8.exd6 Qxd6
9.Bxd5 Qxd5 10.Qxd5 exd5 11.Be3 Ne5 12.b3 Bf5 13.Ne2 Nd3+ 14.Kd2 Be7 15.a4 O-O
16.Na3 Nc5 17.Bxc5 Bxc5 18.Nb5 Bd7 19.Nbd4 Bd6 20.g3 Rfe8 21.Rae1 g6 22.Nc1 Kg7
23.Nd3 a5 24.Rxe8 Rxe8 25.Re1 Rxe1 26.Nxe1 Kf6 27.Ng2 h6 28.Ne3 Ke5 29.f4+ Ke4
30.Nd1 Bxf4+ 31.gxf4 Kxf4 32.Nf2 Kg5 33.Ke3 f5 34.Nf3+ Kf6 35.Kd4 b5 36.axb5 Bxb5
37.Kxd5 a4 38.bxa4 Bxa4 39.Nd4 g5 40.c4 g4 41.Nd3 h5 42.Nf4 h4 43.c5 h3 44.Nde2 Kg5
45.Ke5 Bd7 46.Ng3 Bc8 47.c6  1-0

[Event "Australia op"]
[Site "Australia"]
[Date "1973.??.??"]
[Round "8"]
[White "Jamieson, Robert Murray"]
[Black "Hamilton, Douglas G"]
[Result "1-0"]
[WhiteElo "2270"]
[BlackElo "2285"]

1.e4 c5 2.c3 Nf6 3.e5 Nd5 4.d4 cxd4 5.cxd4 g6 6.Nc3 Nb6 7.d5 Bg7 8.Bf4 O-O
9.Nf3 f6 10.exf6 Bxf6 11.Bh6 Re8 12.Bd3 e6 13.d6 Nd5 14.O-O Nxc3 15.bxc3 Qa5
16.Rb1 Qh5 17.Qd2 Na6 18.Bxa6 bxa6 19.Bg5 Bxg5 20.Qxg5 Qxg5 21.Nxg5 a5 22.Ne4 Rf8
23.Rfd1 Rf5 24.f3 Ba6 25.Kf2 Rc8 26.Rd4 Bc4 27.Rb7 Rf7 28.Rc7 Rxc7 29.dxc7 Ba6
30.Nd6  1-0

[Event "Buenos Aires CA"]
[Site "Buenos Aires"]
[Date "1973.??.??"]
[Round "7"]
[White "Cuartas, Carlos"]
[Black "Palermo, Vicente"]
[Result "1-0"]
[WhiteElo "2350"]
[BlackElo "2390"]

1.e4 c5 2.c3 Nf6 3.e5 Nd5 4.d4 cxd4 5.Qxd4 e6 6.Bc4 Nc6 7.Qe4 f5 8.Qe2 Nc7
9.Nf3 Be7 10.Bf4 b5 11.Bxb5 Nxb5 12.Qxb5 Rb8 13.Qe2 O-O 14.O-O g5 15.Bc1 Bb7
16.Nbd2 f4 17.h3 h5 18.Nc4 Qe8 19.Nd6 Bxd6 20.exd6 Qg6 21.Re1 Rf7 22.b4 g4
23.hxg4 hxg4 24.Nh2 Rf5 25.Nxg4 Ne5 26.f3 Nxg4 27.fxg4 Rg5 28.Rf1 Rxg4 29.Rf2 Rf8
30.Bd2 Bxg2 31.Qxg4 Qxg4 32.Rxg2 Qxg2+ 33.Kxg2 e5 34.Re1 Rf5 35.c4 Kf7 36.Bc3 f3+
37.Kf2 Rf4 38.Rxe5 Rxc4 39.Re3 Rc6 40.Re7+ Kg6 41.Be5 Kf5 42.Bg3 Kg4 43.Re4+ Kf5
44.Kxf3 Ra6 45.Re5+ Kf6 46.Ra5  1-0

[Event "CSR-ch"]
[Site "Luhacovice"]
[Date "1973.??.??"]
[Round "3"]
[White "Pribyl, Josef"]
[Black "Malich, Burkhard"]
[Result "1/2-1/2"]
[WhiteElo "2450"]
[BlackElo "2490"]

1.e4 c5 2.c3 Nf6 3.e5 Nd5 4.d4 cxd4 5.Qxd4 e6 6.Nf3 Nc6 7.Qe4 d6 8.Nbd2 dxe5
9.Nxe5 Nxe5 10.Qxe5 Nf6 11.Bb5+ Bd7 12.O-O Bd6 13.Qe2 Qc7 14.Nf3 O-O 15.Bxd7  1/2-1/2

[Event "Madrid"]
[Site "Madrid"]
[Date "1973.??.??"]
[Round "15"]
[White "Pomar Salamanca, Arturo"]
[Black "Garcia Martinez, Silvino"]
[Result "1/2-1/2"]
[WhiteElo "2435"]
[BlackElo "2450"]

1.e4 c5 2.c3 Nf6 3.e5 Nd5 4.d4 cxd4 5.cxd4 e6 6.Nf3 d6 7.Nc3 Nc6 8.Bb5 Nxc3
9.bxc3 Bd7 10.exd6 Bxd6 11.O-O O-O 12.Bd3 h6 13.Re1 Rc8 14.Ne5 Nxe5 15.dxe5 Be7
16.Qg4  1/2-1/2

[Event "Stary Smokovec"]
[Site "Stary Smokovec"]
[Date "1973.??.??"]
[Round "1"]
[White "Cibulka, Vladimir"]
[Black "Szilagyi, Gyorgy"]
[Result "1/2-1/2"]
[WhiteElo "2320"]
[BlackElo "2350"]

1.e4 c5 2.c3 Nf6 3.e5 Nd5 4.d4 cxd4 5.Qxd4 e6 6.Nf3 Nc6 7.Qe4 d6 8.Nbd2 Be7
9.exd6 Qxd6 10.Nc4 Qc7 11.Bd3 Bd7 12.O-O Rc8 13.Nce5 Nf6 14.Qe2 O-O 15.Nxd7 Nxd7
16.Re1 Rfd8 17.Bg5 Nf8 18.Bxe7 Nxe7 19.Rad1 Qa5 20.a3 Qh5 21.Ne5 Qxe2 22.Bxe2 f6
23.Nc4  1/2-1/2

[Event "Irish Times Easter"]
[Site "Dublin"]
[Date "1974.04.12"]
[Round "2"]
[White "Heidenfeld, Wolfgang"]
[Black "Hecht, Hans Joachim"]
[Result "1/2-1/2"]
[WhiteElo "2225"]
[BlackElo "2515"]

1.e4 c5 2.c3 Nf6 3.e5 Nd5 4.Nf3 Nc6 5.Na3 e6 6.g3 f6 7.Nc4 b5 8.Ne3 fxe5
9.Bxb5 Nxe3 10.dxe3 Bb7 11.e4 Qb6 12.Qe2 Be7 13.Bg5 Bxg5 14.Nxg5 O-O 15.Rd1 Rad8
16.O-O h6 17.Nf3 d6 18.Bc4 Rf6 19.Nh4 Na5 20.Bd3 c4 21.Bb1 Rdf8 22.Rd2 Qc7
23.Qe3 d5 24.exd5 exd5 25.Ng6 Re8 26.f4 Qc6 27.Nxe5 d4 28.cxd4 Qh1+ 29.Kf2 Qxh2+
30.Ke1 Qh3 31.d5 c3 32.Rdf2 Bxd5 33.Qd3 Bc4 34.Qh7+ Kf8 35.Qh8+ Bg8 36.Bh7 Qe6
37.bxc3 Nc6 38.Re2 Ne7 39.Rff2 Rb8 40.Rb2 Rd8 41.Rfe2 Qd5 42.Kf2 Rfd6 43.Nf3 Qc5+
44.Kg2 Qxc3 45.Rb7 R6d7 46.Rxd7 Rxd7 47.Rc2 Qa5 48.Bxg8 Nxg8 49.Qh7 Nf6 50.Qh8+ Ng8
51.Qh7 Nf6  1/2-1/2

[Event "FRG-ch"]
[Site "Menden"]
[Date "1974.??.??"]
[Round "?"]
[White "Hermann, Manfred"]
[Black "Freise, Helmut"]
[Result "0-1"]
[WhiteElo "2200"]
[BlackElo "2200"]

1.e4 c5 2.c3 Nf6 3.e5 Nd5 4.d4 cxd4 5.cxd4 d6 6.Nf3 Nc6 7.Nc3 dxe5 8.dxe5 Nxc3
9.Qxd8+ Nxd8 10.bxc3 Nc6 11.Bb5 Bd7 12.a4 g6 13.O-O Bg7 14.Re1 a6 15.Bc4 Na5
16.Bd5 e6 17.Be4 Bc6 18.Bxc6+ Nxc6 19.Ba3 O-O-O 20.Bd6 Rxd6 21.exd6 Bxc3
22.Ng5 Bxa1 23.Rxa1 h6 24.Ne4 Rd8 25.Rd1 b6 26.Rb1 Kb7 27.d7 f5 28.Nf6 Ne5
29.Rd1 Kc6 30.Rc1+ Kd6 31.Rb1 Ke7 32.f4 Nc4 33.Rb4 b5 34.axb5 axb5 35.Nh7 Nd6
36.h3 Rxd7 37.g4 Rc7 38.g5 h5 39.Kf2 Rc4 40.Rxc4 bxc4 41.Ke3 Ne4 42.Kd4 c3
43.Kd3 Kf7  0-1

[Event "FRG-ch"]
[Site "Menden"]
[Date "1974.??.??"]
[Round "?"]
[White "Held, Paul"]
[Black "Ditt, Egon"]
[Result "1-0"]
[WhiteElo "2200"]
[BlackElo "2200"]

1.e4 c5 2.c3 Nf6 3.e5 Nd5 4.d4 cxd4 5.Bc4 Nb6 6.Bb3 d6 7.Nf3 e6 8.exd6 Bxd6
9.cxd4 O-O 10.O-O Nc6 11.Re1 Nd5 12.Nc3 b6 13.Bc2 Be7 14.Nxd5 exd5 15.Bxh7+ Kxh7
16.Qc2+ Kg8 17.Qxc6 Bg4 18.Ne5 Bf5 19.Qb5 Bf6 20.Bd2 Re8 21.Bc3 Re6 22.Rad1 Qd6
23.Nf3 Be4 24.Nd2 Bc2 25.Rc1 a6 26.Rxe6 Qxe6 27.Qf1 Qf5 28.Qe2 Bg5 29.Re1 Rc8
30.Nf3 Bf4 31.Qe7 Be4 32.Ne5 Qh5 33.h3 f6 34.Qe6+ Kh7 35.Qxc8 fxe5 36.Qg4 Qe8
37.dxe5 Bxe5 38.Rxe4  1-0

[Event "FRG-ch"]
[Site "Menden"]
[Date "1974.??.??"]
[Round "?"]
[White "Hermann, Manfred"]
[Black "Rosen, Willy"]
[Result "1-0"]
[WhiteElo "2200"]
[BlackElo "2200"]

1.e4 c5 2.c3 Nf6 3.e5 Nd5 4.d4 cxd4 5.cxd4 Nc6 6.Nc3 Nxc3 7.bxc3 d6 8.Nf3 e6
9.exd6 Bxd6 10.Bd3 Qc7 11.O-O O-O 12.Re1 Ne7 13.c4 Bd7 14.Rb1 h6 15.c5 Bf4
16.Bxf4 Qxf4 17.Rxb7 Rfd8 18.Ne5 Nc6 19.Rxd7 Rxd7 20.Nxd7 Rd8 21.Be4  1-0

[Event "Rubinstein mem"]
[Site "Polanica Zdroj"]
[Date "1974.??.??"]
[Round "4"]
[White "Lechtynsky, Jiri"]
[Black "Kirov, Nino"]
[Result "0-1"]
[WhiteElo "2390"]
[BlackElo "2465"]

1.e4 c5 2.c3 Nf6 3.e5 Nd5 4.d4 cxd4 5.Qxd4 e6 6.Nf3 Nc6 7.Qe4 d6 8.Nbd2 dxe5
9.Nxe5 Bd6 10.Ndf3 Nxe5 11.Nxe5 O-O 12.Nf3 h6 13.Be2 Bd7 14.O-O Bc6 15.Qc2 e5
16.Rd1 Qf6 17.c4 Ne7 18.Qc3 Nf5 19.c5 Bc7 20.b4 Rfe8 21.Bc4 Nd4 22.Ne1 a5
23.a3 Qg6 24.Bb2 b5 25.cxb6 Bxb6 26.Qg3 Qf6 27.Bxd4 Bxd4 28.Rac1 Ba4 29.Rd2 Rac8
30.Nd3 e4 31.Nf4 e3 32.Rxd4 Qxd4 33.fxe3 Rxe3 34.Bxf7+ Kxf7 35.Qg6+ Kg8  0-1

[Event "CSR-ch"]
[Site "Rimavska Sobota"]
[Date "1974.??.??"]
[Round "3"]
[White "Lechtynsky, Jiri"]
[Black "Neckar, Lubomir"]
[Result "1/2-1/2"]
[WhiteElo "2390"]
[BlackElo "2200"]

1.e4 c5 2.c3 Nf6 3.e5 Nd5 4.d4 cxd4 5.Qxd4 Nc7 6.Nf3 Nc6 7.Qf4 Ne6 8.Qg3 g6
9.Bd3 Bg7 10.O-O O-O 11.Nbd2 Qc7 12.Re1 b6 13.h4 h5 14.Nb3 Bb7 15.Bd2 Rad8
16.Nbd4 Ncxd4 17.Nxd4 Nxd4 18.cxd4 Bd5 19.Qg5 Qc6 20.Re3 d6 21.Rc1 Qd7 22.e6 Bxe6
23.d5 Bg4 24.Rxe7 Bh6 25.Qxh6 Qxe7 26.Re1 Qd7 27.Bxg6 fxg6 28.Bc3 Qh7 29.Qxh7+ Kxh7
30.Re7+ Kg8 31.Rg7+ Kh8 32.Rxa7+ Kg8 33.Rg7+  1/2-1/2

[Event "CSR-ch"]
[Site "Rimavska Sobota"]
[Date "1974.??.??"]
[Round "3"]
[White "Augustin, Josef"]
[Black "Mista, Ladislav"]
[Result "0-1"]
[WhiteElo "2200"]
[BlackElo "2355"]

1.e4 c5 2.c3 Nf6 3.e5 Nd5 4.d4 Nc6 5.dxc5 e6 6.c4 Nde7 7.Nc3 Ng6 8.Be3 Ncxe5
9.f4 Nc6 10.Ne4 d5 11.cxd6 f5 12.Nc3 Bxd6 13.Nge2 Qe7 14.a3 O-O 15.g3 Rd8
16.Qc2 b6 17.Bg2 Bb7 18.O-O Na5 19.Bxb7 Nxc4 20.Bxa8 Nxe3 21.Qc1 Nxf1 22.Bf3 Nd2
23.Bd5 Bc5+ 24.Kg2 exd5 25.Qxd2 d4 26.Nd1 Qe4+ 27.Kh3 Rd6 28.Nf2 Qf3 29.Ng1 Qd5
30.Nd3 Ne7 31.g4 fxg4+ 32.Kg3 Nf5+ 33.Kf2 Rh6 34.Kf1 g3 35.h3 Qh1 36.Qe2 Nd6
37.Ke1 Qxg1+ 38.Kd2 Nc4+ 39.Kc2 Ne3+ 40.Kb3 Qxa1 41.Nxc5 Qd1+  0-1

[Event "Stary Smokovec"]
[Site "Stary Smokovec"]
[Date "1974.??.??"]
[Round "4"]
[White "Rakay, Kvetoslav"]
[Black "Peev, Peicho Chonev"]
[Result "1/2-1/2"]
[WhiteElo "2200"]
[BlackElo "2425"]

1.e4 c5 2.c3 Nf6 3.e5 Nd5 4.d4 cxd4 5.Qxd4 e6 6.Bc4 Nc6 7.Qe4 Nb6 8.Bb3 d5
9.exd6 Bxd6 10.Nf3 Nd7 11.Bc2 Nf6 12.Qe2 Qe7 13.Nbd2 e5 14.Ne4 Nxe4 15.Bxe4 O-O
16.h3 f5 17.Bd5+ Kh8 18.Ng5 g6 19.h4 h5 20.Qd2 Nd8 21.O-O Bd7 22.Rd1 Bc6
23.b3 Rf6 24.Bb2 Bxd5 25.Qxd5 Nc6 26.c4 Rd8 27.Qf3 Bc5 28.Rxd8+ Qxd8 29.Rd1 Qe7
30.Qd5 Bd4 31.Bxd4 exd4 32.Kf1  1/2-1/2

[Event "URS Cup"]
[Site "Tbilisi"]
[Date "1974.??.??"]
[Round "?"]
[White "Vorotnikov, Vladislav V"]
[Black "Lukin, Andrei M"]
[Result "1/2-1/2"]
[WhiteElo "2420"]
[BlackElo "2440"]

1.e4 c5 2.c3 Nf6 3.e5 Nd5 4.d4 cxd4 5.Qxd4 e6 6.Nf3 Nc6 7.Qe4 d6 8.Nbd2 f5
9.exf6 Nxf6 10.Qh4 d5 11.Bd3 Be7 12.Bg6+ Kd7 13.Bc2 Bd6 14.Nb3 Kc7 15.Nbd4 Nxd4
16.cxd4 h6 17.Bf4 g5 18.Bxd6+ Qxd6 19.Qg3 Qxg3 20.hxg3 Bd7 21.Ne5 Be8 22.Rc1 Kd6
23.Bd3 h5 24.g4 Rg8 25.gxh5 Bxh5 26.g4 Be8 27.Rh6 Rf8 28.f3 Nd7 29.Nxd7 Bxd7
30.Ke2 Rf4 31.Ke3 Raf8 32.Rf1 Be8 33.Rh7 e5 34.dxe5+ Kxe5 35.Rg7 d4+ 36.Kd2 Kf6
37.Rxb7 Bc6 38.Rxa7 Bxf3 39.Ra6+ Ke7 40.Re1+ Kd8 41.Rg6 Rxg4 42.Bb5 Rg2+
43.Kd3 g4 44.Rg7 Rxb2 45.a4 Rb4 46.Rc1 Rb3+ 47.Kxd4 Rb4+ 48.Kd3 Be4+ 49.Ke2 Bf3+
50.Kd2 Rd4+ 51.Kc3 Rdf4 52.Bc4 R8f6 53.Rb1 Kc8 54.Bb5 Rf7 55.Rxf7  1/2-1/2

[Event "URS-ch otbor"]
[Site "Cheliabinsk"]
[Date "1975.??.??"]
[Round "?"]
[White "Vorotnikov, Vladislav V"]
[Black "Kochyev, Alexander"]
[Result "0-1"]
[WhiteElo "2420"]
[BlackElo "2465"]

1.e4 c5 2.c3 Nf6 3.e5 Nd5 4.d4 cxd4 5.Qxd4 e6 6.Nf3 Nc6 7.Qe4 d6 8.Nbd2 dxe5
9.Nxe5 Nf6 10.Qa4 Qc7 11.Nxc6 Bd7 12.Nf3 Bxc6 13.Bb5 Rc8 14.Bf4 Bxb5 15.Qxb5+ Qc6
16.Qxc6+ Rxc6 17.O-O-O Bc5 18.Nd4 Rc8 19.Rhe1 O-O 20.f3 Rfd8 21.Nb3 Bb6 22.a4 Nd5
23.Be5 a6 24.a5 Bf2 25.Re2 Be3+ 26.Kb1 Nxc3+ 27.Bxc3 Rxd1+ 28.Kc2 Rg1 29.Rxe3 Rxg2+
30.Nd2 Rxh2 31.b4 Rd8 32.Kc1 h5 33.Ne4 h4 34.f4 Rd5 35.Ng5 Rf5 36.Re4 f6
37.Nxe6 h3 38.Re3 Rh5 39.Rg3 Rg2 40.Rxg2 hxg2 41.Bd4 Rb5  0-1

[Event "URS-chT"]
[Site "Riga"]
[Date "1975.??.??"]
[Round "?"]
[White "Mnatsakanian, Eduard A"]
[Black "Ustinov, Georgy I"]
[Result "1-0"]
[WhiteElo "2410"]
[BlackElo "2370"]

1.e4 c5 2.c3 Nf6 3.e5 Nd5 4.d4 e6 5.Nf3 cxd4 6.Qxd4 Nc6 7.Qe4 f5 8.exf6 Nxf6
9.Qh4 e5 10.Bb5 Bc5 11.O-O d6 12.Bd3 O-O 13.Ng5 h6 14.Qc4+ Kh8 15.Nf7+ Rxf7
16.Qxf7 e4 17.Be2 Ne5 18.Qb3 Nfg4 19.Bf4 Nxf2 20.Rxf2 Qf6 21.Bg3 Be6 22.Qb5 Bxf2+
23.Bxf2 Rf8 24.Be3 a6 25.Qxb7 Bc4 26.Nd2 Bxe2 27.Qxe4 Bd3 28.Qd5 Bb5 29.Qd4 Rf7
30.b3 Bc6 31.Bf2 Qf5 32.Bg3 Qc2 33.Qxd6 Rd7 34.Qf8+ Kh7 35.Bxe5 Bxg2 36.Nf1 Bc6
37.Ne3 Qg6+ 38.Bg3 Rf7 39.Qb4 Rf3 40.Qd4 Qe6 41.Re1  1-0

[Event "URS-chT"]
[Site "Riga"]
[Date "1975.??.??"]
[Round "?"]
[White "Sveshnikov, Evgeny"]
[Black "Yurtaev, Leonid"]
[Result "1-0"]
[WhiteElo "2480"]
[BlackElo "2200"]

1.e4 c5 2.c3 Nf6 3.e5 Nd5 4.d4 cxd4 5.Nf3 Nc6 6.cxd4 d6 7.Bc4 Nb6 8.Bb5 e6
9.O-O Bd7 10.Nc3 Nb4 11.Bg5 Be7 12.Ne4 dxe5 13.Nd6+ Kf8 14.Nxe5 Bxb5 15.Ndxf7 Qd5
16.Qh5 Bxg5 17.Nxg5 Be8 18.Qg4 Ke7 19.Rae1 h5 20.Qh4 Rh6 21.Nxe6+ Kxe6 22.Ng4+ Kf7
23.Qe7+ Kg8 24.Nxh6+ gxh6 25.Re3 h4 26.Qxh4 Qd6 27.Rfe1 Bf7 28.Rg3+ Kf8 29.Qg4 Qf6
30.Rf3 Qg7 31.Qf4 Rd8 32.Qc7 Nc6 33.Re7 Rd7 34.Rxd7 Nxd7 35.Qxd7 Qg6 36.Qc8+ Ke7
37.Qc7+ Ke8 38.Qc8+ Nd8 39.Re3+ Be6 40.h3 Qb1+ 41.Kh2 Qf5 42.Qc7 Qxf2 43.Qe5  1-0

[Event "URS-chT"]
[Site "Riga"]
[Date "1975.??.??"]
[Round "?"]
[White "Ranniku, Maaja"]
[Black "Mkrychian, Alla"]
[Result "1/2-1/2"]
[WhiteElo "2305"]
[BlackElo "2000"]

1.e4 c5 2.c3 Nf6 3.e5 Nd5 4.d4 cxd4 5.Qxd4 Nb6 6.Nf3 Nc6 7.Qe4 d5 8.exd6 Qxd6
9.Bf4 Qd5 10.Nbd2 Bf5 11.Qxd5 Nxd5 12.Bg3 f6 13.Bc4 Nb6 14.Bb5 e5 15.a4 a6
16.Be2 a5 17.O-O Be7 18.Nc4 Nxc4 19.Bxc4 O-O-O 20.Nh4 Bd7 21.Nf3 g5 22.h3 h5
23.Rfd1 h4 24.Bh2 g4 25.hxg4 Bxg4 26.Rxd8+ Nxd8 27.Nd2 h3 28.Re1 hxg2 29.Kxg2 Bh3+
30.Kg1 Bd7 31.b3 Nc6 32.Bg3  1/2-1/2